000 00694nam a2200181 i 4500
001 101357
003 ES-MaACL
005 20230906182900.0
007 t|
008 051018s1966 sp ||||1| spa d
100 1 _aMaza, Jesús de la.
_979451
245 1 0 _aManual de motosierras /
_cJesús de la Maza, Adolfo G. Castañeda.
260 _aSantander :
_bAsociación de Investigación Técnica de las Industrias de la Madera y Corcho,
_c1966.
300 _a164 p. con 1 lám. :
_bil. ;
_c28 cm.
700 1 _aCastañeda, Adolfo G.
_936403
710 2 _aAsociación de Investigación Técnica de las Industrias de la Madera y Corcho (Santander)
_91603
852 _aES-MaACL
_jC-30890
_bR.61608
999 _c101357
_d101357